000 00332nam a2200109Ia 4500
008 171211s9999 xx 000 0 und d
245 _aConnected Worlds: History in Transnational Perspective
245 _cAnn Curthoys and Marilyn Lake
260 _c2010
650 _xHistory
856 _uhttp://down.ebook777.com/063/1920942440.pdf
999 _c348811
_d348811